Quizzes
Events
Quiz Creation
Community
Videos
Private Events
Remove Ads
Sign In
Join for FREE
Feedback
Dark Mode
Quiz Categories
Sports
Geography
Music
Movies
Television
Just For Fun
Miscellaneous
History
Literature
Language
Science
Gaming
Entertainment
Religion
Holiday
For Kids
Quiz Lab
Recent
Popular Today
Quiz Kudos Today
Editor Picks
Curator Picks
Quizzes by...
Day
Popularity
Type
Ratings
Length
Year
Community
Subscriptions
Recent Discussions
Orange Saloon
Badges
Playlists
Quests
Create
Leaderboards
Showdown
Live 5
Trivia Bingo
Activity
Puzzle Library
Sporcle Events
Private Events
Virtual Trivia
Globe League
Become a Host
Pub Owners
SporcleCon
Opinionation
Our Games
Videos
Blog
Mobile Apps
Partnerships
Remove Ads and Go Orange
Feedback
Sports
Athletes
MLB
NBA
NHL
NFL
Soccer
Sports Teams
WWE
NCAA
Football
Premier League
Basketball
Baseball
Hockey
Golf
Tennis
Cricket
Rugby
Auto Racing
Olympics
World Cup
Sports
Athletes
MLB
NBA
NHL
NFL
Soccer
Sports Teams
WWE
NCAA
Football
Premier League
Basketball
Baseball
Hockey
Golf
Tennis
Cricket
Rugby
Auto Racing
Olympics
World Cup
Random Quiz
Search Sporcle
×
Quiz Lab
Quiz Lab
Sports
United
Type in answers that appear in a list
Type in answers that appear in a list
Classic
Best Score? Go Orange.
Oxford United Players 2009/2010 Season Stats
Can you name the Oxford United Players 2009/2010 Season?
By
mcw101
4m
33 Questions
248 Plays
248 Plays
248 Plays
Comments
Comments
Give Quiz Kudos
Give Quiz Kudos
-
- Ratings
hide this ad
More Info
Replay
Link that replays current quiz
Next Quiz
Link to next quiz in quiz playlist
You Got
0%
They Got
Avg Score
59%
Avg Friend Score
Upgrade to see
Score Distribution
Jump to the score distribution portion of the page
Score
0/33
Timer
04:00
0
Plays Today
Player Name
% Correct
James Constable
97.2%
Ryan Clarke
92.3%
Matt Green
90.3%
Francis Green
87.5%
Damian Batt
86.7%
Alfie Potter
85.5%
Billy Turley
83.9%
Mark Creighton
81.9%
Jack Midson
81.9%
Jake Wright
77.8%
Adam Chapman
77%
Sam Deering
75%
Simon Clist
73.8%
Dannie Bulman
73.4%
Rhys Day
70.6%
Anthony Tonkin
69%
Adam Murray
65.3%
Player Name
% Correct
Luke Foster
57.7%
Kevin Sandwith
57.3%
Steven Kinniburgh
49.2%
Jamie Cook
48.4%
Ross Perry
42.7%
Onome Sodje
41.1%
Aaron Woodley
41.1%
Marcus Kelly
37.9%
Alex Rhodes
35.1%
Chris Carruthers
31.9%
Declan Benjamin
27.8%
Lee Fowler
27.4%
Ian Sampson
27%
Richard Groves
26.2%
Shane Killock
24.6%
Daniel West
23.4%
Quiz Playlist
Details
Report
Send in Message
Add To Playlist
More Info:
Can you name all players that have been part of the Oxford United squad in the 2009/2010 season?
Classic:
Type in answers that appear in a list
Last Updated: Feb 16, 2017
Quiz Scoreboard
CHALLENGE
Sign Up to Join the Scoreboard
Show All
Scores
Hide
Comments
May contain spoilers
Recently Published
Movies - When Are They Set?
by FPL_Elf
Movies
5m
Popular People in 1961
by mucciniale
History
6m
1-10 Letter E Words III
by El_Dandy
Language
2m
More to Explore
Quiz From the Vault
Featured Blog Post
Where Did the Easter Bunny Come From?
hide this ad
You Might Also Like...
Tags
2009
2010
Oxford
Oxford United
Player
season
United
Today's Top Quizzes in Sports
Browse Sports
hide this ad
Today's Top Quizzes in United
Browse United
Top Contributed Quizzes in Sports
1
Les meilleurs buteurs des matchs entre le PSG et l’OM
2
2022 World Cup Stars
3
FIFA Club World Cup Champions
4
Les entraîneurs de l'OM et du PSG au 21e siècle
5
Name the Premier League winners with different clubs
6
La finale Lions - Afrique du Sud 2021
7
Criteria MLB: Left Handed Sluggers
8
Les joueurs passés par le LOSC et le RC Lens
9
Players with Multiple 50 Home Run Seasons
10
MLB Players with Two .350 Batting Average Seasons
Explore More
Trending Topics
Disney
Kpop
Marvel
Harry Potter
NBA
Crossword
Anime
WWE
Soccer
Country
Pokémon
NFL
The Office
Song
Puzzle
hide this ad
More By:
mcw101
Quiz
Plays
Rating
Category
Featured
Created
Oxford United Players 2009/2010 Season
248
Sports
Jan 9, 2010
Go to Creator's Profile
Score Distribution
Quiz Creator Spotlight
mcw101
Follow
Send a Message
Quizzes Created
-
Created Quiz Play Count
-
More By This Creator
Popular Quizzes Today
1
Find the Countries of Europe - No Outlines Minefield
2
Find the US States - No Outlines Minefield
3
The Countries of the World
4
Popular People in 1961
5
US States
6
1-10 Letter E Words III
7
Find the US States
8
One Thing in Common: World Cities II
More Sports Quizzes
First Names First: NFL QBs
Published
Trending Quizzes
Risky Map Clicking: Least Populous States A-Z
1-10 Letter F Words
1-10 Letter G Words
One Thing in Common: United Kingdom
Risky Map Clicking: Next State Alphabetically
Recently Updated
Leaping Animals
pecheneg
Reality TV Shows (A-Z)
bhenderson79
Rickey Henderson's Hall of Fame Teammates
pecheneg
Champions League XIs: Arsenal
pecheneg
Quick Pick: Celebrities in WWE's Hall of Fame
aduchscher
A-Z Keypad Blitz II
pecheneg
Multiple Oscar Actors
pecheneg
Mystery Phrase Blitz: Oscar 'Best Actors'
pecheneg
F. Scott Fitzgerald Novels
LTH
Pick 3 Villains
ddd62291
Trending Topics
Kpop
NBA
Marvel
Anime
Disney
Harry Potter
Crossword
Puzzle
The Office
Country
NFL
WWE
Soccer
Song
Pokémon
Your Account Isn't Verified!
In order to create a playlist on Sporcle, you need to verify the email address you used during registration. Go to your
Sporcle Settings
to finish the process.
Report this User
Report this user for behavior that violates our
Community Guidelines
.
Details:
Send Report
Go to the Sporcle.com Mobile Site →
Comments